[Event "1st It"]
[Site "Odivelas POR"]
[Date "2000.12.06"]
[Round "9"]
[White "Ikonnikov,V"]
[Black "Leite,C"]
[Result "1-0"]
[WhiteElo "2548"]
[BlackElo "2089"]

1.d4 d5 2.c4 c6 3.Nf3 Nf6 4.Qb3 dxc4 5.Qxc4 Bf5 6.Nc3 Nbd7 7.g3 h6 8.Bg2 e6
9.O-O Be7 10.Bf4 O-O 11.Rfe1 Nb6 12.Qb3 Ne4 13.Ne5 g5 14.Nxe4 Bxe4 15.Bxe4 Qxd4
16.Ng6 Rfe8 17.Bxc6 bxc6 18.Rad1 Qc4 19.Nxe7+ Rxe7 20.Qxc4 Nxc4 21.Bc1 c5
22.Rd3 Rb8 23.b3 Nb6 24.Rc3 Rc7 25.Be3 Rbc8 26.Rec1 Nd7 27.Rc4 a5 28.Ra4 Ra8
29.b4 Nb6 30.Rxa5 Rd8 31.Raxc5 Rxc5 32.Bxc5 Na4 33.Be3 Nb2 34.b5 Rb8 35.b6 Na4
36.Rb1 Nc3 37.Rb3 Nxe2+ 38.Kf1  1-0

[Event "Open"]
[Site "Padova ITA"]
[Date "2000.12.09"]
[Round "8"]
[White "Zlochevskij,A"]
[Black "Djuric,S"]
[Result "1/2-1/2"]
[WhiteElo "2450"]
[BlackElo "2472"]

1.d4 d5 2.c4 c6 3.Nf3 Nf6 4.Qc2 g6 5.e3 Bg7 6.Nc3 O-O 7.Be2 Bg4 8.Bd2 e6
9.Rc1 Nbd7 10.h3 Bf5  1/2-1/2

[Event "Abel Cardona Open"]
[Site "Cali COL"]
[Date "2000.12.16"]
[Round "1"]
[White "Kastanieda,G"]
[Black "Garcia,Alvaro COL"]
[Result "1-0"]
[WhiteElo "2457"]
[BlackElo "2253"]

1.d4 Nf6 2.Nf3 d5 3.c4 c6 4.Qc2 g6 5.Bf4 Bg7 6.e3 O-O 7.Nc3 Nbd7 8.h3 Qa5
9.a3 dxc4 10.Bxc4 c5 11.dxc5 Qxc5 12.Na4 Qf5 13.Bd3 Qd5 14.O-O e5 15.e4 Qd6
16.Be3 b6 17.Rfd1 Qb8 18.Bb5 a6 19.Bc6 Ra7 20.Nc3 Rc7 21.Nd5 Nxd5 22.exd5 Bb7
23.Rac1 Rfc8 24.Qb3 b5 25.Ng5 Rf8 26.Bxb7 Rxb7 27.d6 a5 28.Rc6 a4 29.Qd5 Nf6
30.Qxe5 Ng4 31.Qd5 Nxe3 32.fxe3 Rd7 33.Rf1 Qa7 34.Rf3 Bxb2 35.Ne6 fxe6 36.Qxe6+ Kg7
37.Rxf8 Kxf8 38.Rc8+ Kg7 39.Re8 Bf6 40.Qg8+ Kh6 41.Qf8+ Rg7 42.Qxf6 Rf7 43.Qe5 Rf5
44.Qg3 Qf7 45.d7  1-0

[Event "Abel Cardona Open"]
[Site "Cali COL"]
[Date "2000.12.17"]
[Round "2"]
[White "Araque,R"]
[Black "Khenkin,I"]
[Result "0-1"]
[WhiteElo "2327"]
[BlackElo "2633"]

1.d4 d5 2.Nf3 c6 3.c4 dxc4 4.e3 b5 5.a4 e6 6.Nc3 Bb4 7.Bd2 a5 8.Ne5 Bb7 9.Qf3 Qe7
10.Be2 Nf6 11.O-O O-O 12.Nb1 c5 13.Qh3 Ne4 14.Bc1 bxa4 15.Bxc4 cxd4 16.exd4 Nc6
17.Nxc6 Bxc6 18.f3 Nf6 19.Na3 Rfd8 20.Be3 e5 21.dxe5 Qxe5 22.Bb6 Rdb8 23.Bf2 Qxb2
24.Rfb1 Qe5 25.Rc1 Bd2 26.Bxf7+ Kxf7 27.Nc4 Qd5 28.Nxd2 Bd7 29.Qh4 Qxd2 30.Rd1 Qh6
31.Qc4+ Be6 32.Qc7+ Kg8 33.Rxa4 Bb3 34.Rh4 Qg5 35.Rb1 Rc8 36.f4 Qf5  0-1

[Event "Abel Cardona Open"]
[Site "Cali COL"]
[Date "2000.12.17"]
[Round "3"]
[White "Kastanieda,G"]
[Black "Cuartas,J"]
[Result "1-0"]
[WhiteElo "2457"]
[BlackElo "2356"]

1.d4 d5 2.Nf3 Nf6 3.c4 c6 4.Qc2 g6 5.Bf4 Bf5 6.Qb3 Qb6 7.e3 Nbd7 8.Nc3 dxc4
9.Bxc4 Qxb3 10.Bxb3 Bg7 11.h3 O-O 12.g4 Be4 13.Nxe4 Nxe4 14.O-O Rfe8 15.Rad1 Rad8
16.Kg2 Nd6 17.Rd3 c5 18.Rc1 cxd4 19.exd4 Rc8 20.Rxc8 Rxc8 21.Bxd6 exd6 22.Ng5 Rf8
23.Nxf7 d5 24.Nd6 Nb6 25.Kg3 Rb8 26.a4 Bf8 27.Nb5 Kg7 28.Nxa7 Ra8 29.Nb5 Nxa4
30.Bxd5 Nxb2 31.Rf3 Rd8 32.Rf7+ Kh8 33.Bxb7 Nc4 34.Kg2 Bg7 35.Rc7 Na5 36.d5 Be5
37.Re7 Bf6 38.Rf7 Nxb7 39.Rxf6 Rxd5 40.Nc7 Rd8 41.Ne6 Re8 42.Ng5 Re7 43.Rc6 Kg7
44.f4 Nd8 45.Ra6 Rd7 46.Ra8 Nf7 47.Ne6+ Kf6 48.Nc5 Rd5 49.Ra6+ Ke7 50.Ra7+ Ke8
51.Ne4 Kf8 52.h4 Rd4 53.Kf3 Rd3+ 54.Ke2 Rd8 55.Ke3 h6 56.Ra6 Kg7 57.g5 hxg5
58.hxg5 Rd5 59.Ra7 Rd1 60.Nf6 Re1+ 61.Kf2 Rd1 62.Ke2 Rd8 63.Ke3 Rb8 64.Nd5 Re8+
65.Kf3 Rd8 66.Nc7 Rc8 67.Ne6+ Kg8  1-0

[Event "Czech Extra League 2000-1"]
[Site "CZE"]
[Date "2000.12.17"]
[Round "3"]
[White "Konopka,M"]
[Black "Mozny,M"]
[Result "1/2-1/2"]
[WhiteElo "2453"]
[BlackElo "2414"]

1.Nf3 d5 2.d4 Nf6 3.c4 c6 4.Qc2 g6 5.Bf4 Bg7 6.e3 O-O 7.Nc3 Na6 8.Be2 dxc4
9.Bxc4 Nb4 10.Qb3 Nbd5 11.Be5 Nb6 12.Be2 Be6 13.Qc2 Bc4 14.O-O Bxe2 15.Qxe2 Nbd7
16.Rfd1  1/2-1/2

[Event "Abel Cardona Open"]
[Site "Cali COL"]
[Date "2000.12.19"]
[Round "5"]
[White "Hoffman,A"]
[Black "Carvajal,N"]
[Result "1-0"]
[WhiteElo "2491"]
[BlackElo "2281"]

1.d4 d5 2.c4 c6 3.Nf3 Nf6 4.Qc2 e6 5.g3 Bd6 6.Bg2 O-O 7.O-O Nbd7 8.Rd1 Qe7
9.Nbd2 h6 10.b3 b6 11.e4 dxe4 12.Nxe4 Nxe4 13.Qxe4 Nf6 14.Qc2 Bb7 15.Re1 Rfd8
16.Bb2 Ba3 17.Bc3 Bb4 18.Bxb4 Qxb4 19.c5 bxc5 20.a3 Qa5 21.dxc5 Nd7 22.b4 Qc7
23.Nd2 Ba6 24.Ne4 Bb7 25.Nd6 a5 26.b5 Nxc5 27.Nxb7 Nxb7 28.Qxc6 Rd7 29.Rad1 Re7
30.Rc1 Rc8 31.Qxc7 Rexc7 32.Rxc7 Rxc7 33.b6 Re7 34.Rc1 Nd6 35.Rc7 Re8 36.Ra7 Rc8
37.Ra8 Rxa8 38.Bxa8 Kf8 39.b7 Nxb7 40.Bxb7  1-0

[Event "ch-ISR"]
[Site "Ramat-Aviv/Modiin ISR"]
[Date "2000.12.19"]
[Round "3"]
[White "Kaspi,A"]
[Black "Huzman,A"]
[Result "0-1"]
[WhiteElo "2488"]
[BlackElo "2574"]

1.d4 d5 2.c4 c6 3.Nf3 Nf6 4.Qc2 dxc4 5.Qxc4 Bf5 6.Nc3 e6 7.g3 Nbd7 8.Bg2 Be7
9.O-O O-O 10.e3 b5 11.Qe2 b4 12.Na4 Qa5 13.b3 Be4 14.Nd2 Bxg2 15.Kxg2 Nb6
16.Nxb6 axb6 17.e4 Qa6 18.Nc4 Qb7 19.f3 Ra6 20.Be3 Rfa8 21.Rf2 Nd7 22.Rd1 b5
23.Ne5 Nxe5 24.dxe5 c5 25.Rc1 Rc8 26.Qd3 Rac6 27.Rfc2 Qa6 28.h4 c4 29.Qe2 R6c7
30.h5 c3 31.g4 Qc6 32.g5 Rd8 33.Kg3 Rcc8 34.Rh1 Qe8 35.Qf1 Bc5 36.Bf4 Bd4
37.Qh3 Rc5 38.Qg4 Bxe5 39.Bxe5 Rxe5 40.Qf4 Rc5 41.e5 Qe7 42.Rh4 Rcd5 43.g6 Rd4
44.gxf7+ Kf8 45.Qxd4 Rxd4 46.Rxd4 Qg5+ 47.Rg4 Qxe5+ 48.Kg2 Qxh5 49.Re4 Qd5  0-1

[Event "Christmas Open"]
[Site "Zurich SUI"]
[Date "2000.12.26"]
[Round "1"]
[White "Raetsky,A"]
[Black "Duerig,W"]
[Result "1-0"]
[WhiteElo "2425"]
[BlackElo "2099"]

1.d4 d5 2.c4 c6 3.Nf3 Nf6 4.Qc2 e6 5.g3 Bd6 6.Bg2 O-O 7.O-O Nbd7 8.Nbd2 Qe7
9.b3 e5 10.dxe5 Nxe5 11.Bb2 dxc4 12.bxc4 Nxf3+ 13.Nxf3 Bg4 14.Nd4 Ba3 15.Bxa3 Qxa3
16.c5 Rad8 17.e3 Nd5 18.Qb3 Qxb3 19.axb3 a6 20.Bxd5 Rxd5 21.b4 Rfd8 22.f3 Bc8
23.Kf2 f6 24.h4 Kf7 25.Rfd1 Re8 26.e4 Rde5 27.Re1 g6 28.Nb3 R5e7 29.Na5 Be6
30.Rad1 Rc8 31.Rd6 Rcc7 32.g4 h6 33.Kg3 Rc8 34.Red1 Ke8 35.Nxb7 Bb3 36.Rd8+ Rxd8
37.Rxd8+ Kf7 38.Nd6+  1-0

[Event "Ambassador Open"]
[Site "Bern SUI"]
[Date "2000.12.27"]
[Round "2"]
[White "Landenbergue,C"]
[Black "Hamzabegovic,M"]
[Result "1-0"]
[WhiteElo "2390"]
[BlackElo "2114"]

1.d4 d5 2.c4 c6 3.Nf3 Nf6 4.Qc2 e6 5.Nbd2 Bd6 6.g3 O-O 7.Bg2 Nbd7 8.O-O h6
9.e4 dxe4 10.Nxe4 Nxe4 11.Qxe4 Nf6 12.Qe2 Re8 13.Rd1 Qe7 14.b3 a5 15.Bb2 Ba3
16.Ne5 Bxb2 17.Qxb2 Rd8 18.c5 Nd5 19.Nc4 Qc7 20.Re1 Bd7 21.Bxd5 cxd5 22.Nb6 Ra6
23.Rac1 Bc6 24.Qd2 Qb8 25.Re5 Qa7 26.f4 Rxb6 27.cxb6 Qxb6 28.Rc5 Ra8 29.Qc3 g6
30.a3 Kg7 31.g4 Qd8 32.Qe3 Qf6 33.Kg2 Qh4 34.h3 Bd7 35.Qc3 Qd8 36.Qg3 Kh7
37.h4 Qb6 38.Qc3 Bc6 39.h5 gxh5 40.Rxh5 Rg8 41.g5 Rg6 42.Rxh6+ Rxh6 43.gxh6 Kxh6
44.Qg3 Qa6 45.Rc2 f6 46.Kg1 Be8 47.Rh2+ Bh5 48.Qg4  1-0

[Event "Christmas Open"]
[Site "Zurich SUI"]
[Date "2000.12.29"]
[Round "6"]
[White "Raetsky,A"]
[Black "Varga,Zo"]
[Result "1-0"]
[WhiteElo "2425"]
[BlackElo "2541"]

1.d4 d5 2.c4 dxc4 3.Nf3 c6 4.g3 b5 5.Bg2 Bb7 6.O-O e6 7.a4 a6 8.b3 cxb3 9.Qxb3 Nf6
10.Rd1 Nbd7 11.Ne5 Qb6 12.Nc3 Nxe5 13.dxe5 Nd5 14.Bxd5 exd5 15.axb5 axb5
16.Be3 Qd8 17.Ba7 Qc7 18.e4 b4 19.exd5 bxc3 20.d6 Qd7 21.Bc5 Rxa1 22.Rxa1 Kd8
23.Qxc3 h5 24.Ra7 Kc8 25.Qa5 Kb8 26.Bb6 Bxd6 27.exd6 Qxd6 28.Ra8+ Bxa8 29.Qa7+ Kc8
30.Qxa8+ Kd7 31.Qxh8 c5 32.Qd8+ Kc6 33.Qxd6+ Kxd6 34.Kf1 Kd5 35.Ke2 g5 36.h3 g4
37.h4  1-0

[Event "Australian Open"]
[Site "Canberra AUS"]
[Date "2001.01.02"]
[Round "5"]
[White "Rogers,I"]
[Black "Stead,K"]
[Result "1-0"]
[WhiteElo "2558"]
[BlackElo "2125"]

1.d4 d5 2.c4 c6 3.Nf3 Nf6 4.Nbd2 Qa5 5.e3 Bg4 6.Qb3 Qc7 7.Ne5 e6 8.h3 Bf5
9.g4 Be4 10.Nxe4 Nxe4 11.Bg2 Nf6 12.Bd2 Nbd7 13.f4 Nxe5 14.fxe5 dxc4 15.Qxc4 Nd5
16.O-O-O Be7 17.Kb1 Nb6 18.Qc2 O-O-O 19.Ba5 h5 20.Qb3 Kb8 21.Rhf1 Bg5 22.gxh5 Rxh5
23.Bb4 Nc8 24.Rc1 Rd5 25.Bxd5 exd5 26.Rf3 Qd7 27.Rh1 f6 28.exf6 gxf6 29.Qd3 Nd6
30.Qg6 Rh8 31.Bxd6+ Qxd6 32.h4 Qe7 33.a3 a6 34.Rfh3 Bh6 35.Rf1 Qe4+ 36.Qxe4 dxe4
37.Rxf6 Bg5 38.Re6  1-0

[Event "Troll Masters"]
[Site "Gausdal NOR"]
[Date "2001.01.06"]
[Round "2"]
[White "Gausel,E"]
[Black "Kvisvik,B"]
[Result "1-0"]
[WhiteElo "2481"]
[BlackElo "2131"]

1.d4 d5 2.c4 c6 3.Nf3 Nf6 4.Qc2 e6 5.g3 Be7 6.Bg2 O-O 7.O-O Nbd7 8.Nbd2 c5
9.Rd1 Qc7 10.cxd5 Nxd5 11.Ne4 b6 12.dxc5 Nxc5 13.Neg5 g6 14.Bd2 Ba6 15.b4 Bxe2
16.bxc5 Bxd1 17.Rxd1 Qxc5 18.Qe4 Rad8 19.Rc1 Qa3 20.Qh4 h5 21.Qc4 Bc5 22.Qc2 Rc8
23.Qb1 Bb4 24.Rf1 Bxd2 25.Nxd2 Nb4 26.Nxe6 Rfe8 27.Nf4 Rc2 28.Ne4 Rec8 29.Qd1 Qxa2
30.Nf6+ Kh8 31.Bh3 Rc1 32.Qd4 Rxf1+ 33.Bxf1 Nc2 34.Nxg6+ Kg7 35.Ne8+ Kxg6
36.Qf6+  1-0

[Event "Troll Masters"]
[Site "Gausdal NOR"]
[Date "2001.01.09"]
[Round "6"]
[White "Johansson,P"]
[Black "Kvisvik,B"]
[Result "1-0"]
[WhiteElo "2082"]
[BlackElo "2131"]

1.d4 d5 2.Nf3 Nf6 3.c4 c6 4.Qc2 dxc4 5.Qxc4 Bf5 6.g3 e6 7.Bg2 Nbd7 8.O-O Bd6
9.Nc3 O-O 10.Nh4 Bg4 11.h3 Bh5 12.e4 e5 13.Nf5 Nb6 14.Qd3 Bc7 15.d5 cxd5
16.Nxd5 Nbxd5 17.exd5 Bg6 18.Bg5 Qd7 19.g4 Bxf5 20.gxf5 Ne8 21.f6 gxf6 22.Bh6 e4
23.Bxe4 f5 24.Bxf5 Qd6  1-0

[Event "XXVI Open"]
[Site "Seville ESP"]
[Date "2001.01.14"]
[Round "3"]
[White "Martin Vazquez,J"]
[Black "Cifuentes Parada,R"]
[Result "0-1"]
[WhiteElo "2193"]
[BlackElo "2496"]

1.d4 d5 2.c4 c6 3.Nf3 Nf6 4.Qc2 e6 5.Bf4 Nbd7 6.e3 Ne4 7.Bd3 f5 8.h3 g5 9.Bh2 Bb4+
10.Nc3 O-O 11.Ne5 Qa5 12.Bxe4 fxe4 13.c5 Nxe5 14.Bxe5 b6 15.cxb6 axb6 16.O-O Ba6
17.Rfd1 Be7 18.a3 Bd3 19.Qd2 c5 20.Ne2 Qxd2 21.Rxd2 Bxe2 22.Rxe2 c4 23.Rc2 b5
24.Rf1 b4 25.axb4 Bxb4 26.f3 Ra2 27.fxe4 Rxf1+ 28.Kxf1 c3 29.Rxc3 Bxc3 30.bxc3 dxe4
31.c4 Rc2 32.c5 Kf7 33.Bg3 Ke7 34.Be5 h5 35.Bg3 Ra2 36.Be5 Rc2 37.Bg7 Kf7
38.Be5 Kg6 39.Bd6 h4 40.Be5 g4 41.hxg4 Kg5 42.Bd6 Kxg4 43.Bf4 e5 44.dxe5 Kf5
45.Kg1 Rxc5 46.Kf2 Rc1 47.Ke2 Ra1 48.Kf2 Ke6 49.Ke2 Kd5 50.Kf2 Ra8 51.Kf1 Rg8
52.Kf2 Kc4 53.Kf1 Kd3 54.Kf2 Kd2 55.e6 Re8 56.Bg5 Rxe6 57.Bxh4 Rg6 58.Be7 Kd3
59.Bc5 Rc6 60.Bd4 Rc2+ 61.Kf1 Rc8 62.Kf2 Rf8+ 63.Ke1 Rg8 64.Kf2 Kd2 65.Bc5 Rg5
66.Bb6 Rf5+ 67.Kg3 Ke2 68.Ba7 Rf8 69.Bb6 Kd3 70.Ba7 Ra8 71.Bb6 Ra2 72.Kh3 Ra6
73.Bc5 Rc6 74.Bd4 Rd6 75.Bc5 Rf6 76.Kh2 Ke2 77.Kh3  0-1

[Event "Anibal Open"]
[Site "Linares ESP"]
[Date "2001.01.16"]
[Round "9"]
[White "Burmakin,V"]
[Black "Galkin,A"]
[Result "1/2-1/2"]
[WhiteElo "2493"]
[BlackElo "2590"]

1.d4 d5 2.c4 c6 3.Nf3 Nf6 4.Qb3 e6 5.Bg5 h6 6.Bh4 dxc4 7.Qxc4 b5 8.Qc2 Bb7
9.Bxf6 Qxf6 10.e3 a6 11.Nbd2 Nd7 12.Bd3 Bd6 13.O-O Qe7 14.Rfd1 Rc8 15.Rac1 e5
16.Be4 Nf6  1/2-1/2

[Event "Aberto do Brasil BCX"]
[Site "Brasilia BRA"]
[Date "2001.01.28"]
[Round "6"]
[White "Hoffman,A"]
[Black "Matsuura,E"]
[Result "1/2-1/2"]
[WhiteElo "2473"]
[BlackElo "2452"]

1.d4 d5 2.c4 c6 3.Nf3 Nf6 4.Qc2 g6 5.Bf4 Bg7 6.e3 O-O 7.Nc3 Nbd7 8.h3 dxc4
9.Bxc4 Nb6 10.Be2 Nbd5 11.Be5 Bf5 12.Qd2 Nxc3 13.bxc3 Ne4 14.Qb2 Qa5 15.Bxg7 Kxg7
16.Rc1 Be6 17.Rc2 Nd6 18.O-O b5 19.Ne5 Bd5 20.f3 Rfc8 21.Nd7 Nc4 22.Bxc4 Bxc4
23.Rfc1 Qc7 24.Ne5 Be6 25.Nd3  1/2-1/2

[Event "It"]
[Site "Bajmok YUG"]
[Date "2001.01.30"]
[Round "5"]
[White "Kizov,A"]
[Black "Varga,P"]
[Result "0-1"]
[WhiteElo "2363"]
[BlackElo "2464"]

1.d4 Nf6 2.c4 c6 3.Nf3 d5 4.Qc2 dxc4 5.Qxc4 Bf5 6.Nc3 e6 7.g3 Nbd7 8.Bg2 Be7
9.O-O O-O 10.e3 Ne4 11.Qe2 Nxc3 12.bxc3 Be4 13.Ne1 Bxg2 14.Nxg2 Qa5 15.Bd2 c5
16.a4 Rfc8 17.Rfb1 Qc7 18.a5 b6 19.axb6 axb6 20.Qb5 Ra7 21.Rxa7 Qxa7 22.Ne1 Ra8
23.Nc2 Qa4 24.Qxa4 Rxa4 25.Rb2 Kf8 26.Kf1 Ke8 27.Ke2 Kd8 28.Rb1 Ra2 29.Kd1 Kc7
30.Ra1 Rxa1+ 31.Nxa1 Kc6 32.Kc2 c4 33.Bc1 f5 34.f3 Nf6 35.Kd1 Kb5 36.Bd2 Ka4
37.Kc2 g5 38.Kb2 g4 39.f4 Ne4 40.Be1 Ba3+ 41.Kb1 Nf6 42.Ka2 Bc1 43.Kb1 Bxe3  0-1

[Event "It"]
[Site "Bajmok YUG"]
[Date "2001.02.02"]
[Round "8"]
[White "Zegarac,B"]
[Black "Vidic,S"]
[Result "1/2-1/2"]
[WhiteElo "2271"]
[BlackElo "2227"]

1.d4 Nf6 2.c4 c6 3.Nf3 d5 4.Qc2 e6 5.e3 Bd6 6.Nc3 Nbd7 7.b3 O-O 8.Be2 e5
9.cxd5 cxd5 10.Nb5 Bb4+ 11.Bd2 Bxd2+ 12.Nxd2 exd4 13.Nxd4 Ne5 14.O-O Bd7
15.Rac1 Rc8 16.Qb2 Qe7 17.N2f3 Nc6 18.Bd3 Ne4 19.Nxc6 Bxc6 20.Rfd1 Rfd8 21.Nd4 Bd7
22.Rxc8 Rxc8 23.Rc1 Rxc1+ 24.Qxc1 Qd6 25.Qc2 Nf6 26.Be2 h6 27.Bf3 Qb4 28.Qc1 b6
29.h3 Qc5 30.Qc2 Kf8 31.Qb2 Qb4 32.Qc1 Qc5 33.Qd2 a5 34.Ne2 Be6 35.Nf4 Ke7
36.g4 Kf8 37.Kg2 Kg8 38.Qd4 Kf8 39.Qe5 Ke7 40.Qb2 Qd6 41.a3 Kf8 42.b4 axb4
43.axb4 Kg8 44.Qd4 Qc6 45.Ne2 Kf8 46.Qe5 Nd7 47.Qd4 Nf6 48.Nc3 Ke7 49.Be2 g6
50.f4 Ne4 51.Nd1 Qc2 52.Qb2 Qxb2 53.Nxb2 Nc3 54.Kf2 Kd6 55.Nd3 f6 56.Nc1 Ne4+
57.Kf3 Nd2+ 58.Kf2 Ne4+ 59.Kf3 Nd2+  1/2-1/2

[Event "1st Mario Covas"]
[Site "Santos BRA"]
[Date "2001.02.02"]
[Round "5"]
[White "Izeta,F"]
[Black "Hoffman,A"]
[Result "1/2-1/2"]
[WhiteElo "2448"]
[BlackElo "2473"]

1.d4 d5 2.c4 c6 3.Nf3 Nf6 4.Qc2 g6 5.Bf4 Bf5 6.Qb3 Qb6 7.e3 Qxb3 8.axb3 Nbd7
9.Nc3 a6 10.c5 Bg7 11.h3 h6 12.b4 O-O 13.Ne5 Nxe5 14.Bxe5 Nd7 15.Bxg7 Kxg7
16.f4 h5  1/2-1/2

[Event "TCh-FRA"]
[Site "Monaco FRA"]
[Date "2001.02.04"]
[Round "3"]
[White "Relange,E"]
[Black "Tournier,Math"]
[Result "1/2-1/2"]
[WhiteElo "2484"]
[BlackElo "2074"]

1.d4 d5 2.c4 c6 3.Nf3 Nf6 4.Nbd2 e6 5.g3 Nbd7 6.Bg2 Be7 7.O-O O-O 8.Qc2 c5
9.Rd1 b6 10.e4 Bb7 11.exd5 exd5 12.b3 Qc7 13.Ba3 Rfe8 14.cxd5 Nxd5 15.Rac1 Rac8
16.Bh3 Bf6 17.Re1 Rcd8 18.Ne4 Qc6 19.Bg2 Nb4 20.Nxf6+ Qxf6 21.Rxe8+ Rxe8
22.Bxb4 Bxf3 23.dxc5 Bxg2 24.Kxg2 Qc6+ 25.f3 Ne5 26.Qe4 Qxe4 27.fxe4 Nd3
28.Rc4 Nxb4 29.Rxb4 bxc5 30.Rb5 Rc8 31.Rb7 g6 32.Rxa7 c4 33.bxc4 Rxc4 34.Kf3 Kg7
35.a4 g5 36.a5 h5 37.e5 Kf8 38.a6 Ra4 39.Ra8+ Kg7 40.a7 Kh7 41.Ke3 Kg7 42.Kd3 Kh7
43.Kc3 Kg7 44.Kb3 Ra6 45.Kb4 Ra2 46.Kc5 Ra1 47.Kd5 Ra4 48.h3 Kh7 49.e6 fxe6+
50.Kxe6 Kg7 51.Re8 Ra6+ 52.Kf5 Rxa7 53.Kxg5 Ra5+ 54.Kf4 Kf6 55.Rd8 Ra4+ 56.Ke3 Rb4
57.Rd4 Rb3+ 58.Kf4 h4 59.gxh4  1/2-1/2

[Event "9th Aosta Valley"]
[Site "Saint Vincent ITA"]
[Date "2001.02.07"]
[Round "5"]
[White "Epishin,V"]
[Black "Ortega,Le"]
[Result "1/2-1/2"]
[WhiteElo "2578"]
[BlackElo "2472"]

1.d4 d5 2.c4 c6 3.Nf3 dxc4 4.e3 b5 5.a4 e6 6.axb5 cxb5 7.b3 Bb4+ 8.Bd2 Bxd2+
9.Nbxd2 a5 10.bxc4 b4 11.Bd3 Nf6 12.Ne4 Nc6 13.O-O O-O 14.Nxf6+ gxf6 15.d5 exd5
16.cxd5 Ne5 17.Nxe5 fxe5 18.Qc2 f5 19.Rfd1 Qd6 20.Bb5 Ra7 21.Rac1 Bd7 22.Bxd7 Qxd7
23.d6 Rb8 24.Qc5 b3 25.Qxe5 a4 26.Qg3+ Kh8 27.Qe5+ Kg8 28.Qg3+ Kh8 29.Qe5+ Kg8
30.Qg3+  1/2-1/2

[Event "Czech Extra League 2000-1"]
[Site "CZE"]
[Date "2001.02.25"]
[Round "7"]
[White "Mozny,M"]
[Black "Zurek,M"]
[Result "1/2-1/2"]
[WhiteElo "2412"]
[BlackElo "2449"]

1.Nf3 d5 2.d4 c6 3.c4 dxc4 4.a4 e6 5.e3 b5 6.b3 Bb4+ 7.Bd2 Bxd2+ 8.Nfxd2 cxb3
9.axb5 b2 10.Ra2 Ne7 11.Rxb2 O-O 12.Qc2 h6 13.Be2 cxb5 14.Bxb5 Bb7 15.O-O Qd5  1/2-1/2

[Event "Open"]
[Site "Cappelle la Grande FRA"]
[Date "2001.02.26"]
[Round "4"]
[White "Ibragimov,I"]
[Black "Saltaev,M"]
[Result "0-1"]
[WhiteElo "2571"]
[BlackElo "2526"]

1.d4 d5 2.c4 c6 3.Nf3 Nf6 4.Qb3 dxc4 5.Qxc4 Be6 6.Qc2 Qa5+ 7.Bd2 Qf5 8.Qxf5 Bxf5
9.Nc3 h6 10.Ne5 Nbd7 11.Nxd7 Nxd7 12.e4 Bg6 13.Be2 e6 14.O-O Bb4 15.f3 O-O
16.a3 Ba5 17.Be3 f5 18.b4 Bd8 19.Bc4 Bf7 20.Rfe1 Nf6 21.Bf2 a5 22.b5 Rc8
23.Bd3 fxe4 24.Nxe4 Nxe4 25.Rxe4 Bf6 26.Bc4 c5 27.Bxe6 Bxe6 28.Rxe6 cxd4
29.Rd1 Rfd8 30.Be1 a4 31.Kf1 Rc5 32.b6 Kf7 33.Re4 Rdd5 34.Bb4 Rc6 35.Ke2 Rxb6
36.Kd3 Rc6 37.g4 b5 38.f4 Rc8 39.Rb1 Rc4 40.Re2 Rc6 41.Re4 g6 42.Ree1 Rd7
43.Rbc1 Rdc7 44.Rxc6 Rxc6 45.Rb1 Ke6 46.Bd2 Rc5 47.Bb4 Rc7 48.Bd2 Rb7 49.Ke4 Kd7
50.Bb4 Rc7 51.Kd3 Rc4 52.Bd2 Rc5 53.Bb4 Rc8 54.Bd2 Rb8 55.h4 h5 56.g5 Bg7
57.Ke4 Kc6 58.Rc1+ Kb6 59.Bb4 Re8+ 60.Kd5 Rd8+ 61.Ke4 d3 62.Bc5+ Kb7 63.Rd1 Kc6
64.Be3 b4 65.Rc1+ Kb7 66.Rc4 Bc3 67.axb4 d2 68.Bxd2 Bxd2 69.f5 gxf5+ 70.Kxf5 a3
71.Rc2 Bxb4 72.g6 Bf8 73.Kf6 Rd7 74.Rf2 Bg7+ 75.Ke6 Rc7 76.Kd6 Rc6+ 77.Kd5 Rxg6
78.Kc4 Bb2 79.Kb3 Rg3+ 80.Ka2 Rg4 81.Rh2 Kc6 82.Rh3 Kd5 83.Rd3+ Kc4 84.Rh3 Rg1
85.Rh1 Rg4 86.Rh3 Kd4 87.Rb3 Kc5 88.Rh3 Kd5 89.Rd3+ Ke5 90.Rh3  0-1

[Event "Open"]
[Site "Cappelle la Grande FRA"]
[Date "2001.02.28"]
[Round "6"]
[White "Gausel,E"]
[Black "Saltaev,M"]
[Result "1-0"]
[WhiteElo "2481"]
[BlackElo "2526"]

1.d4 d5 2.c4 c6 3.Nf3 Nf6 4.Qc2 g6 5.Bf4 Bf5 6.Qb3 Qb6 7.e3 Bg7 8.Nc3 O-O
9.Be2 h6 10.O-O Nbd7 11.h3 g5 12.Bg3 Qxb3 13.axb3 e6 14.Bd6 Rfe8 15.c5 Ne4
16.Nxe4 Bxe4 17.Ne5 Nxe5 18.dxe5 a6 19.Ra4 Rad8 20.Rb4 Rd7 21.Ra1 f6 22.f4 gxf4
23.exf4 fxe5 24.fxe5 Bf8 25.Bh5 Ra8 26.Bg4 Re8 27.Rf1 Bg7 28.Bh5 Ra8 29.Rf2 Bh8
30.Rf4 Bg7 31.Rg4 Kh7 32.Rbxe4 dxe4 33.Bg6+ Kh8 34.Bxe4 Rxd6 35.exd6 Bd4+
36.Kf1 Bxc5 37.Rg6 Bxd6 38.Rxh6+ Kg7 39.Rh7+ Kf6 40.Rxb7 Rb8 41.Rxb8 Bxb8
42.Bxc6 Bd6 43.Kf2 a5 44.h4 Kf5 45.Kf3 Be5 46.g4+ Kg6 47.Bd7 Kf6 48.g5+ Kf5
49.Bb5 Bxb2 50.Bd3+ Ke5 51.h5 Bc1 52.Bf1 Kd5  1-0

[Event "5th United Insurance"]
[Site "Dhaka BAN"]
[Date "2001.03.02"]
[Round "11"]
[White "Rausis,I"]
[Black "Prakash,G"]
[Result "1/2-1/2"]
[WhiteElo "2525"]
[BlackElo "2453"]

1.d4 d5 2.c4 c6 3.Nf3 Nf6 4.Qc2 dxc4 5.Qxc4 Bf5 6.g3 e6 7.Bg2 Be7 8.O-O Nbd7
9.Nc3 O-O 10.e3 Ne4 11.Rd1 Nxc3 12.bxc3 Bc2 13.Rd2 Be4 14.Qb3 Qc7  1/2-1/2

[Event "Tch-AUT 2000-01"]
[Site "Fuerstenfeld AUT"]
[Date "2001.03.16"]
[Round "9"]
[White "Weissenbeck,M"]
[Black "Druckenthaner,A"]
[Result "0-1"]
[WhiteElo "2240"]
[BlackElo "2317"]

1.d4 d5 2.Nf3 Nf6 3.c4 c6 4.Qc2 g6 5.Bf4 dxc4 6.Qxc4 Qb6 7.Qc1 Bg4 8.Nbd2 Bxf3
9.Nxf3 Nbd7 10.g3 e5 11.Nxe5 Bb4+ 12.Kd1 Qxd4+ 13.Nd3 O-O 14.a3 Be7 15.Bg2 Ng4
16.Be3 Nxe3+ 17.Qxe3 Qa4+ 18.Ke1 Rfe8 19.Qf4 Qc2 20.Qd2 Qb3 21.Rc1 Rad8 22.Qc2 Qb5
23.Bf3 Bg5 24.Rd1 Ne5 25.Nxe5 Qxe5 26.Rxd8 Rxd8 27.e3 Bf6 28.b3 Qc3+ 29.Qxc3 Bxc3+
30.Kf1 Bb2 31.a4 Rd3 32.Ke2 Rxb3 33.Rb1 a5 34.Be4 Rb4 35.f3 f5 36.Bc2 b5
37.axb5 cxb5 38.e4 a4 39.exf5 a3 40.fxg6 hxg6  0-1

[Event "Tch-AUT 2000-01"]
[Site "Fuerstenfeld AUT"]
[Date "2001.03.16"]
[Round "9"]
[White "Gustafsson,J"]
[Black "Volkmann,F"]
[Result "1-0"]
[WhiteElo "2535"]
[BlackElo "2409"]

1.d4 d5 2.c4 c6 3.Nf3 Nf6 4.Qb3 dxc4 5.Qxc4 e6 6.Bg5 Qb6 7.Qc2 c5 8.Nc3 Nc6
9.Bxf6 gxf6 10.e3 cxd4 11.exd4 Bh6 12.Rd1 O-O 13.Bc4 Rd8 14.O-O Nxd4 15.Nxd4 Rxd4
16.Na4 Qd6 17.Rxd4 Qxd4 18.Rd1 Qe5 19.Rd8+ Kg7 20.Bf1 Qa5 21.Rd4 e5 22.b4 Bf5
23.Qxf5 Qxa4 24.Rg4+ Bg5 25.h4  1-0

[Event "Open"]
[Site "Bad Woerishofen GER"]
[Date "2001.03.20"]
[Round "6"]
[White "Pelletier,Y"]
[Black "Siebrecht,S"]
[Result "1-0"]
[WhiteElo "2548"]
[BlackElo "2386"]

1.Nf3 d5 2.d4 c6 3.c4 dxc4 4.e3 b5 5.a4 e6 6.Nc3 Bb4 7.Bd2 Bxc3 8.Bxc3 Nf6
9.axb5 cxb5 10.b3 O-O 11.bxc4 bxc4 12.Bxc4 Bb7 13.O-O Nbd7 14.Bd3 Qe7 15.Rb1 Rfc8
16.Rxb7 Rxc3 17.Ne5 Qd6 18.Bxh7+ Kxh7 19.Rxd7 Nxd7 20.Qh5+ Kg8 21.Qxf7+ Kh8
22.Qh5+ Kg8 23.Qf7+ Kh8 24.Nxd7 a5 25.Nc5 Rxc5 26.dxc5 Qxc5 27.Qxe6 a4 28.Qe4 Qa5
29.Qh4+ Kg8 30.Qc4+ Kh8 31.Qh4+ Kg8 32.Qc4+ Kh8 33.g3 a3 34.Qh4+ Kg8 35.Qc4+ Kh8
36.Qa2 Rb8 37.Rc1 Kh7 38.Rc4 g6 39.Rf4 Rb7 40.Rf8 Rg7 41.Qc4 Qh5 42.Qd4 a2
43.Ra8  1-0

[Event "Open"]
[Site "Bad Woerishofen GER"]
[Date "2001.03.22"]
[Round "8"]
[White "Naumkin,I"]
[Black "Varga,Zo"]
[Result "1/2-1/2"]
[WhiteElo "2446"]
[BlackElo "2519"]

1.d4 d5 2.c4 dxc4 3.Nf3 c6 4.e3 Be6 5.a4 Nf6 6.Na3 c5 7.Nxc4 Nc6 8.Nce5 cxd4
9.Nxc6 bxc6 10.Nxd4 Bd5 11.Bd2 e5 12.Nf3 Bd6 13.Be2 O-O 14.Bc3 Qc7 15.h3 Rfd8
16.Qc2 Be4 17.Qc1 Nd5 18.O-O Nxc3 19.Qxc3 Rab8 20.Rfd1 Bd5 21.Nd2 e4 22.Nc4 Be7
23.Rab1 Bf6 24.Qc2 Rb4 25.b3 Rdb8 26.g3 g6 27.h4 Qb7 28.Na5 Qb6 29.Nc4 Qc5
30.Bf1 Kg7 31.Rdc1 h5 32.Qd1 Qe7 33.Na5 Rd8  1/2-1/2

[Event "Tch-NED"]
[Site "NED"]
[Date "2001.03.24"]
[Round "7"]
[White "Tjiam,D"]
[Black "Van de Oudeweetering,A"]
[Result "1-0"]
[WhiteElo "2351"]
[BlackElo "2388"]

1.d4 d5 2.c4 c6 3.Nf3 Nf6 4.Qc2 dxc4 5.Qxc4 Bf5 6.Nc3 Nbd7 7.g3 e6 8.Bg2 Be7
9.O-O O-O 10.e3 Ne4 11.Rd1 Qb6 12.Ne1 Nxc3 13.bxc3 c5 14.Qe2 cxd4 15.cxd4 Rac8
16.e4 Bg6 17.Be3 Qa5 18.Nd3 Qa4 19.Rd2 Rc3 20.Nf4 Rfc8 21.h4 h5 22.e5 Bb4
23.Nxg6 Rc1+ 24.Rd1 Rxd1+ 25.Qxd1 Qxd1+ 26.Rxd1 fxg6 27.Bxb7 Rd8 28.Bg5 Rb8
29.Be4 Kf7 30.Rd3 Ba5 31.Rf3+ Kg8 32.Bxg6 Nf8 33.Bf7+ Kh7 34.d5 exd5 35.e6 Ng6
36.e7 Ne5 37.Rb3 Rc8 38.e8=Q Rxe8  1-0

[Event "TCh-ROM"]
[Site "Sovata ROM"]
[Date "2001.03.24"]
[Round "4"]
[White "Vioreanu,B"]
[Black "Szuhanek,R"]
[Result "1-0"]
[WhiteElo "2315"]
[BlackElo "2406"]

1.d4 d5 2.c4 c6 3.Nf3 Nf6 4.Qc2 dxc4 5.Qxc4 Bf5 6.Nc3 e6 7.g3 Nbd7 8.Bg2 Be7
9.O-O O-O 10.Bg5 Rc8 11.Qb3 b5 12.Nh4 Bg6 13.Nxg6 hxg6 14.Rad1 Qa5 15.Bd2 Qb6
16.Bc1 a6 17.e4 Rfd8 18.h3 e5 19.dxe5 Nxe5 20.Be3 Bc5 21.Na4 bxa4 22.Qxb6 Bxb6
23.Bxb6 Rxd1 24.Rxd1 Nc4 25.Rd8+ Rxd8 26.Bxd8 Nxb2 27.Bxf6 gxf6 28.Bf1 a5
29.f3 c5 30.Kf2 c4 31.Ke3 c3 32.Bd3 Nd1+ 33.Kd4 g5 34.Bc2 Nf2 35.Kxc3 Nxh3
36.Kd4 g4 37.fxg4 Nf2 38.Bxa4 Nxg4 39.Kc5 Nf2 40.Bc2 Kf8 41.Kb5 Ke7 42.Kxa5 Kd7
43.Kb6 Kc8 44.a4 Ng4 45.a5 Ne5 46.a6 Nc4+ 47.Kc6 Kb8 48.Kd7 Ne3 49.Bd3 Ng4
50.Ke7 Ka7 51.Kxf7 Ne5+ 52.Kxf6 Nxd3 53.e5 Nc5 54.e6 Ne4+ 55.Ke5  1-0